000 01041nam a2200301 i 4500
001 000038292
003 DO-SdBNP
005 20250621074008.0
007 ta
008 130408s2002 dr 000 0 spa d
040 _aDO-SdBNP
_bspa
_cBNPHU
_erda
082 4 _a923.27293
_bD812i, 2002
_222
100 1 _aDuarte, Juan Pablo,
_d1813-1876
_91494
245 1 0 _aIdeario /
_cJuan Pablo Duarte.
264 _aSanto Domingo :
_bCPEP,
_c2002.
300 _a20 páginas ;
_c22 cm.
336 _2rdacontent
_atexto
_btxt
337 _2rdamedia
_asin mediación
_bn
338 _2rdacarrier
_avolumen
_bnc
590 _aInventariado, 2019/MFF
600 1 0 _aDuarte, Juan Pablo,
_d1813-1876
_91494
651 4 _aRepública Dominicana
_xConstitución
_91008
651 0 _aRepública Dominicana
_xPolítica y gobierno
_945
651 0 _aRepública Dominicana --
_xHistoria --
_y1844-1930
_91009
710 1 _aRepública Dominicana
_bComisión Permanente de Efemérides Patria
_945309
910 _aValidado. Control de calidad MFF
942 _2ddc
_cLF2
999 _c37782
_d37782